00636nam a2200193Ia 4500008004100000020001300041082001500054100002200069245003300091250000700124260003500131300003000166500001900196600002100215650005000236942000700286952013400293999001500427240925s9999 xx 000 0 und d a70316228 a004.35 MCD aMc Daniel, George 0aIBM Dictionary of Computing  aNA aNew York:bMcGraw-Hillc,1994. axxii, 522p.bNAfOriginal aIncludes Index aComputer Science aComputer science, information & general works cBK 011040708CSaUITUbUITUd1995-02-09eParamount Book Pvt Ltdg396.45l0o004.35 MCDpQ0104r2024-09-25 07:11:56w2024-09-25yBK c2603d2603